Quantitative methods as applied to insurance
Uložené v:
| Médium: | Kniha |
|---|---|
| Jazyk: | English |
| Vydavateľské údaje: |
London
Chartered Insurance Institute
1989
|
| Vydanie: | 1. ed. |
| Predmet: | |
| Tagy: |
Žiadne tagy, Buďte prvý, kto otaguje tento záznam!
|
MARC
| LEADER | 00000nam a2200000 4500 | ||
|---|---|---|---|
| 001 | c001781 | ||
| 005 | 20221215114346.8 | ||
| 020 | |a 1-85369-056-2 | ||
| 041 | 0 | |a eng | |
| 044 | |a GB | ||
| 245 | 1 | 0 | |a Quantitative methods as applied to insurance |
| 250 | |a 1. ed. | ||
| 264 | 1 | |a London |b Chartered Insurance Institute |c 1989 | |
| 300 | |a Preruš. s. | ||
| 610 | 2 | 0 | |a poisťovníctvo |
| 610 | 2 | 0 | |a metódy matematické |
| 610 | 2 | 0 | |a báza dát |
| 610 | 2 | 0 | |a dáta |
| 610 | 2 | 0 | |a pravdepodobnosť |
| 610 | 2 | 0 | |a metódy štatistické |
| 610 | 2 | 0 | |a testovanie hypotéz |
| 610 | 2 | 0 | |a regresia |
| 610 | 2 | 0 | |a korelácia |
| 610 | 2 | 0 | |a rady časové |